Funcionalismo, estructuralismo y marxismo

Salvato in:
Dettagli Bibliografici
Autore principale: Godelier, Maurice
Natura: testo
Pubblicazione: Barcelona: Anagrama
Tags: Aggiungi Tag
Nessun Tag, puoi essere il primo ad aggiungerne!!

MARC

LEADER 00000 a a2200000 04500
001 24674
003
040
020 |a 84-339-0702-6  
090 |a 173000  
100 |a Godelier, Maurice  
245 |a Funcionalismo, estructuralismo y marxismo  
260 |a Barcelona:   |b Anagrama  
300 |a 67 p.  
999 |c 1320  |d 1320